Wino białe czy czerwone? - Statystyki

Ogólne statystyki
  • Ten quiz został rozwiązany 1 529 razy
  • Średni wynik to 9 z 15
Statystyki odpowiedzi
Zagadnienie Odpowiedź % Poprawnych
Pinot noir Czerwone
79%
Merlot Czerwone
78%
Sauvignon blanc Białe
74%
Cabernet sauvignon Czerwone
68%
Malbec Czerwone
66%
Tempranillo Czerwone
66%
Riesling Białe
63%
Chardonnay Białe
63%
Pinot grigio Białe
61%
Sangiovese Czerwone
60%
Zinfandel Czerwone
59%
Syrah / shiraz Czerwone
55%
Nebbiolo Czerwone
53%
Sémillon Białe
52%
Gewürztraminer Białe
49%
Nie znaleziono quizów pasujących do podanych kryteriów
Rozkład punktacji
Procent ludzi z każdym wynikiem
Percentyl według liczby udzielonych odpowiedzi
Twoja historia wyników
Nie rozwiązałeś tego quizu